Statistics for North American Countries in Alphabetical Order

Click here to take the quiz!

General Stats

  • This quiz has been taken 69 times
  • The average score is 21 of 23

Answer Stats

Answer% Correct
Antigua and Barbuda
100%
Bahamas
100%
Barbados
100%
Belize
96%
Canada
96%
Costa Rica
96%
Cuba
96%
Dominica
96%
Dominican Republic
96%
El Salvador
92%
Guatemala
92%
Haiti
92%
Honduras
92%
Jamaica
90%
Grenada
88%
Panama
88%
Nicaragua
86%
Saint Lucia
86%
Mexico
84%
Saint Kitts and Nevis
84%
Saint Vincent and the Grenadines
84%
Trinidad and Tobago
82%
United States
80%

Score Distribution

Percentile by Number Answered

Percent of People with Each Score

Your Score History

You have not taken this quiz